000 00909cab a2200253 4500
001 ABS57785
008 090401t1997 xxu||||| |||| 00| 0 eng d
035 _a(Sirsi) u81909
041 _aeng
245 _aHurst and another v Hampshire CC
260 _c1997
350 _a0
490 _aEstates Gazette Law Reports
_v[1997] 44 EG 206-210(5)
520 _aCA 19 June 1997. Roots from a tree growing in the verge of a highway caused subsidence damage to plaintiff`s house. Court upheld plaintiff`s claim for damages against defendant highway authority on basis that they had duty to maintain trees under Highways Act 1980 s96(1). Defendant`s appeal dismissed.
650 _aHIGHWAY AUTHORITY
650 _aHIGHWAYS
650 _aHIGHWAYS ACT 1980
650 _aLIABILITY
650 _aTREE MAINTENANCE
650 _aTREE ROOTS
690 _aLAW-CASE LAW
942 _n0
948 _c04/11/1997
999 _c51650
_d51650